International labour law / (Record no. 22015)
[ view plain ]
| 000 -LEADER | |
|---|---|
| fixed length control field | 01652cam a22003615a 4500 |
| 001 - CONTROL NUMBER | |
| control field | 015962878 |
| 003 - CONTROL NUMBER IDENTIFIER | |
| control field | Uk |
| 005 - DATE AND TIME OF LATEST TRANSACTION | |
| control field | 20160724112838.0 |
| 008 - FIXED-LENGTH DATA ELEMENTS--GENERAL INFORMATION | |
| fixed length control field | 111122s2011 ne a frb 001 0 eng d |
| 010 ## - LIBRARY OF CONGRESS CONTROL NUMBER | |
| LC control number | 2011293826 |
| 015 ## - NATIONAL BIBLIOGRAPHY NUMBER | |
| National bibliography number | GBB269231 |
| Source | bnb |
| 016 7# - NATIONAL BIBLIOGRAPHIC AGENCY CONTROL NUMBER | |
| Record control number | 015962878 |
| 020 ## - INTERNATIONAL STANDARD BOOK NUMBER | |
| International Standard Book Number | 9041138056 |
| 020 ## - INTERNATIONAL STANDARD BOOK NUMBER | |
| International Standard Book Number | 9789041138057 |
| 035 ## - SYSTEM CONTROL NUMBER | |
| System control number | (OCoLC)757484910 |
| 040 ## - CATALOGING SOURCE | |
| Original cataloging agency | DLC |
| Language of cataloging | eng |
| Transcribing agency | DLC |
| Modifying agency | EG-ScBUE |
| 042 ## - AUTHENTICATION CODE | |
| Authentication code | ukblsr |
| 082 04 - DEWEY DECIMAL CLASSIFICATION NUMBER | |
| Classification number | 344.01 |
| Item number | SER |
| Edition number | 22 |
| 100 ## - MAIN ENTRY--PERSONAL NAME | |
| Personal name | Servais, Jean-Michel. |
| 9 (RLIN) | 40418 |
| 245 10 - TITLE STATEMENT | |
| Title | International labour law / |
| Statement of responsibility, etc | Jean-Michel Servais. |
| 250 ## - EDITION STATEMENT | |
| Edition statement | 3rd rev. ed. |
| 260 ## - PUBLICATION, DISTRIBUTION, ETC. (IMPRINT) | |
| Place of publication, distribution, etc | Alphen aan den Rijin : |
| Name of publisher, distributor, etc | Kluwer Law International, |
| Date of publication, distribution, etc | c.2011. |
| 300 ## - PHYSICAL DESCRIPTION | |
| Extent | 372 p. : |
| Other physical details | ill. ; |
| Dimensions | 24 cm. |
| 500 ## - GENERAL NOTE | |
| General note | "This book was originally published as a monograph in the International Encyclopedia of Laws/Labour law and industrial relations" -T.p. |
| 500 ## - GENERAL NOTE | |
| General note | Index : p. 359-372. |
| 504 ## - BIBLIOGRAPHY, ETC. NOTE | |
| Bibliography, etc | Bibliography : p. 51-64. |
| 505 ## - FORMATTED CONTENTS NOTE | |
| Formatted contents note | The founding principles of ILO and their relevance today -- The social clause dilemma -- The constitutional framework --<br/>The ILO Constitution -- The international labour conventions --<br/>The other standard-setting instruments -- Conflicts between international labour standards -- Freedom of association and social dialogue -- Labour and employment -- Social security -- The supervision and promotion of ILO standards -- Implementation difficulties. |
| 610 27 - SUBJECT ADDED ENTRY--CORPORATE NAME | |
| Corporate name or jurisdiction name as entry element | International Labour Organisation |
| General subdivision | History. |
| 9 (RLIN) | 40419 |
| 610 27 - SUBJECT ADDED ENTRY--CORPORATE NAME | |
| Corporate name or jurisdiction name as entry element | International Labour Organization. |
| 9 (RLIN) | 40420 |
| 650 #7 - SUBJECT ADDED ENTRY--TOPICAL TERM | |
| Topical term or geographic name as entry element | Labor laws and legislation, International |
| Source of heading or term | BUEsh |
| 9 (RLIN) | 37619 |
| 651 ## - SUBJECT ADDED ENTRY--GEOGRAPHIC NAME | |
| Source of heading or term | BUEsh |
| 942 ## - ADDED ENTRY ELEMENTS (KOHA) | |
| Source of classification or shelving scheme | Dewey Decimal Classification |
| Edition | 22 |
| Call number prefix | 344.01 SER |
| Withdrawn status | Item status | Source of classification or shelving scheme | Damaged status | Not for loan | Vendor | Home library | Current library | Shelving location | Date acquired | Source of acquisition | Cost, normal purchase price | Serial Enumeration / chronology | Total Checkouts | Total Renewals | Full call number | Barcode | Date last seen | Date last borrowed | Cost, replacement price | Koha item type |
|---|---|---|---|---|---|---|---|---|---|---|---|---|---|---|---|---|---|---|---|---|
| Dewey Decimal Classification | Baccah | Central Library | Central Library | First floor | 24/07/2016 | Purchase | 1400.00 | 26080 | 8 | 67 | 344.01 SER | 000032950 | 06/04/2026 | 29/03/2026 | 1750.00 | Book - Borrowing |